| 000 | 00772cam a2200205 4500 | ||
|---|---|---|---|
| 001 | WB3627-09 | ||
| 008 | 000000n2000 000 0 eng u | ||
| 035 | _a(Sirsi) u107136 | ||
| 245 | _a5000 surveyors for SAVA | ||
| 260 | _c2000 | ||
| 490 |
_aCSM (Chartered Surveyor Monthly) _vJuly/Aug 2000, 10(1) |
||
| 520 | _aRICS has set a target of recruiting 5000 chartered surveyors into SAVA. This will ensure every chartered surveyor carrying out a survey is properly qualified. The survey will be a compulsory part of the 'sellers pack' which homeowners will have to provide for prospective buyers. | ||
| 590 | _aWB | ||
| 650 | _aRICS | ||
| 650 | _aSAVA | ||
| 650 | _aHOUSE CONDITION SURVEYS | ||
| 650 | _aHOME INFORMATION PACKS | ||
| 690 | _aHOUSING | ||
| 942 | _n0 | ||
| 999 |
_c64060 _d64060 |
||